[Event "Bochum-ch"]
[Site "Bochum"]
[Date "1998.11.11"]
[Round "4"]
[White "Opalka, Guido"]
[Black "Bergmann, Josef"]
[Result "1-0"]
[WhiteElo "2146"]
[BlackElo "1655"]
[PlyCount "51"]
[EventDate "1998.10.19"]
[EventType "swiss"]
[EventRounds "7"]
[EventCountry "GER"]
[SourceTitle "EXT 2006"]
[Source "ChessBase"]
[SourceDate "2005.11.24"]
[SourceVersion "1"]
[SourceVersionDate "2005.11.24"]
[SourceQuality "1"]

1. e4 d5 2. Nf3 dxe4 3. Ng5 Bf5 4. Nc3 Nf6 5. Bc4 e6 6. f3 Bc5 7. fxe4 Nxe4 8. Ncxe4 Bxe4 9. d4 Bxc2 10. Qxc2 Qxd4 11. a3 Nd7 12. Nf3 Qg4 13. Bg5 h6 14. Rd1 Bd6 15. Rd4 Qf5 16. Qxf5 exf5 17. Bf4 Bc5 18. Bxf7+ Ke7 19. Rd2 Nf6 20. Ba2 Ne4 21. Re2 Rhd8 22. Be3 Bb6 23. Bxb6 cxb6 24. 0-0 Kf6 25. Nh4 Kg5 26. Rxf5+ 1-0